000 01777nam a2200457 i 4500
001 ELB57346
003 FlNmELB
006 m o d |
007 cr cnu||||||||
008 180313s2016 sp ob 001 0 spa d
020 _a9788490442593 (e-book)
035 _a(MiAaPQ)EBC5213960
035 _a(Au-PeEL)EBL5213960
035 _a(CaPaEBR)ebr11493585
035 _a(OCoLC)1105897585
040 _aFINmELB
_bspa
_erda
_cFINmELB
050 4 _aPA5610.D38
_bP964 2016
080 _a087.5
082 0 _a098
_223
245 0 0 _aProhibido leer :
_bla censura en la literatura infantil y juvenil contemporánea /
_cPedro Cerrillo Torremocha, César Sánchez Ortiz, editores.
264 1 _aCuenca :
_bEdiciones de la Universidad de Castilla-La Mancha,
_c2016.
300 _a1 recurso en línea (452 páginas)
336 _atexto
_btxt
_2rdacontent/spa
337 _acomputadora
_bc
_2rdamedia/spa
338 _arecurso en línea
_bcr
_2rdacarrier/spa
490 1 _aEstudios ;
_v158
500 _aIncluye índice.
504 _aContiene bibliografía.
588 _aDescripción basada en recurso en línea; Título de la página del título en PDF (e-libro, visto March 13, 2018).
590 _aRecurso electrónico. Santa Fe, Arg. : e-libro, 2018. Disponible vía World Wide Web. El acceso puede ser limitado para las bibliotecas afiliadas a e-Libro.
650 0 _aChildren's literature
_xCensorship.
650 4 _aLiteratura infantil
_xCensura.
650 0 _aCensorship.
650 4 _aCensura.
655 4 _aLibros electrónicos.
700 1 _aCerrillo Torremocha, Pedro,
_eeditor.
700 1 _aSánchez Ortiz, César,
_eeditor.
797 2 _ae-libro, Corp.
830 0 _aEstudios ;
_v158.
856 4 0 _uhttps://elibro.net/ereader/usam/57346
999 _c146799
_d146799